Auditing & Assurance Services: A Systematic Approach. (Record no. 5817)

MARC details
005 - DATE AND TIME OF LATEST TRANSACTION
control field 20250628063131.0
020 ## - INTERNATIONAL STANDARD BOOK NUMBER
International Standard Book Number 978-0-07-352690-4
100 ## - MAIN ENTRY--PERSONAL NAME
Author name MESSIER, W. F
245 ## - TITLE STATEMENT
Title Auditing & Assurance Services: A Systematic Approach.
250 ## - EDITION STATEMENT
Edition statement 6th Ed.
260 ## - PUBLICATION, DISTRIBUTION, ETC.
Place of publication, distribution, etc. Boston,
Name of publisher, distributor, etc. McGraw-Hill,
Date of publication, distribution, etc. 2008
300 ## - PHYSICAL DESCRIPTION
Extent xxxii, 786p.: ill.; figure, picture, table
Other physical details Index
Dimensions 28cm.
700 ## - ADDED ENTRY--PERSONAL NAME
Other authors/Editors GLOVER, S. M. & PRAWITT, D. F
942 ## - ADDED ENTRY ELEMENTS (KOHA)
Source of classification or shelving scheme Dewey Decimal Classification
Koha item type Books
Holdings
Date last seen Total checkouts Full call number Barcode Cost, replacement price Price effective from Koha item type Lost status Source of classification or shelving scheme Damaged status Not for loan Withdrawn status Home library Current library Shelving location Date acquired Source of acquisition Cost, normal purchase price
06/28/2025   657.45MES MBY000257 150000.00 06/28/2025 Books   Dewey Decimal Classification       CBE MBEYA CBE MBEYA General Collection 04/17/2007 Purchase 50000.00